Geology of Knox County / (Record no. 29634)

MARC details
000 -LEADER
fixed length control field 01088cam a22003251a 4500
001 - CONTROL NUMBER
control field gs 62000216
003 - CONTROL NUMBER IDENTIFIER
control field DLC
005 - DATE AND TIME OF LATEST TRANSACTION
control field 20260227111411.0
008 - FIXED-LENGTH DATA ELEMENTS--GENERAL INFORMATION
fixed length control field 730129s1961 ohuab b s001 0 eng
010 ## - LIBRARY OF CONGRESS CONTROL NUMBER
LC control number gs 62000216
035 ## - SYSTEM CONTROL NUMBER
System control number (OCoLC)546654
040 ## - CATALOGING SOURCE
Original cataloging agency DLC
Transcribing agency ODaWU
Modifying agency O
-- DLC
042 ## - AUTHENTICATION CODE
Authentication code premarc
043 ## - GEOGRAPHIC AREA CODE
Geographic area code n-us-oh
050 00 - LIBRARY OF CONGRESS CALL NUMBER
Classification number QE151
Item number .A18 no. 59
086 0# - GOVERNMENT DOCUMENT CLASSIFICATION NUMBER
Classification number ONR 84.3:59
Number source ohdocs
100 1# - MAIN ENTRY--PERSONAL NAME
Personal name Root, Samuel I.
245 10 - TITLE STATEMENT
Title Geology of Knox County /
Statement of responsibility, etc. by Samuel I. Root, Joaquin Rodriguez, Jane L. Forsyth.
260 ## - PUBLICATION, DISTRIBUTION, ETC.
Place of publication, distribution, etc. Columbus, [Ohio] :
Name of publisher, distributor, etc. Division of Geological Survey,
Date of publication, distribution, etc. 1961.
300 ## - PHYSICAL DESCRIPTION
Extent vii, 232, [7] p. :
Other physical details ill., maps ;
Dimensions 28 cm.
490 1# - SERIES STATEMENT
Series statement Bulletin ;
Volume/sequential designation 59
500 ## - GENERAL NOTE
General note Some maps in pocket.
500 ## - GENERAL NOTE
General note Includes errata.
504 ## - BIBLIOGRAPHY, ETC. NOTE
Bibliography, etc. note Includes bibliographical references (p. 163-169) and index.
650 #0 - SUBJECT ADDED ENTRY--TOPICAL TERM
Topical term or geographic name entry element Geology
Geographic subdivision Ohio
-- Knox County.
700 1# - ADDED ENTRY--PERSONAL NAME
Personal name Rodriguez, Joaquin.
700 1# - ADDED ENTRY--PERSONAL NAME
Personal name Forsyth, Jane L.
Fuller form of name (Jane Louise),
Dates associated with a name 1921-
710 1# - ADDED ENTRY--CORPORATE NAME
Corporate name or jurisdiction name as entry element Ohio.
Subordinate unit Division of Geological Survey.
830 #0 - SERIES ADDED ENTRY--UNIFORM TITLE
Uniform title Bulletin (Ohio. Division of Geological Survey) ;
Volume/sequential designation 59.

No items available.

Powered by Koha